<?xml version="1.0" encoding="UTF-8"?><?xml-stylesheet type="text/xsl" href="static/style.xsl"?><OAI-PMH xmlns="http://www.openarchives.org/OAI/2.0/" xmlns:xsi="http://www.w3.org/2001/XMLSchema-instance" xsi:schemaLocation="http://www.openarchives.org/OAI/2.0/ http://www.openarchives.org/OAI/2.0/OAI-PMH.xsd"><responseDate>2026-04-17T02:49:08Z</responseDate><request verb="GetRecord" identifier="oai:www.recercat.cat:2117/393438" metadataPrefix="marc">https://recercat.cat/oai/request</request><GetRecord><record><header><identifier>oai:recercat.cat:2117/393438</identifier><datestamp>2025-07-22T19:26:12Z</datestamp><setSpec>com_2072_1033</setSpec><setSpec>col_2072_452951</setSpec></header><metadata><record xmlns="http://www.loc.gov/MARC21/slim" xmlns:dcterms="http://purl.org/dc/terms/" xmlns:xsi="http://www.w3.org/2001/XMLSchema-instance" xmlns:doc="http://www.lyncode.com/xoai" xsi:schemaLocation="http://www.loc.gov/MARC21/slim http://www.loc.gov/standards/marcxml/schema/MARC21slim.xsd">
   <leader>00925njm 22002777a 4500</leader>
   <datafield ind2=" " ind1=" " tag="042">
      <subfield code="a">dc</subfield>
   </datafield>
   <datafield ind2=" " ind1=" " tag="720">
      <subfield code="a">Jaramillo López, Andrea</subfield>
      <subfield code="e">author</subfield>
   </datafield>
   <datafield ind2=" " ind1=" " tag="260">
      <subfield code="c">2022-10-11</subfield>
   </datafield>
   <datafield ind2=" " ind1=" " tag="520">
      <subfield code="a">Superar la muerte de un ser querido nunca ha sido fácil, es por ello que una&#xd;
correcta investigación e introspección sobre el tema es necesaria para poder&#xd;
aprender a vivir con el duelo. Los objetivos de este TFG son exteriorizar y&#xd;
visualizar un problema tan cercano como este. Desde estudios de grandes&#xd;
universidades sobre la pérdida y el duelo, se representará de manera gráfica, a&#xd;
través de la animación, las diferentes etapas del duelo. ¿Cómo se representa&#xd;
esto en el comportamientos del ser humano? Bien, tras meses de&#xd;
conceptualización y análisis de producciones que representan los sentimientos,&#xd;
se planteará la mejor manera de expresarlo a partir de la animación, logrando así&#xd;
perfeccionar la técnica aprendida durante los últimos dos años.&#xd;
Como todo proceso de creación audiovisual, y en concreto animación, se&#xd;
realizarán las etapas pertinentes para conseguir el mejor resultado posible, es&#xd;
por ello que el trabajo requerirá pasar por las fases de preproducción,&#xd;
producción y postproducción. A partir de programas conocidos y programas de&#xd;
primer uso, se creará un ambiente de trabajo profesional, del cual se ha&#xd;
aprendido. Durante este trabajo se conseguirá un producto listo para lanzar a&#xd;
webs de crowdfunding para recaudar dinero, así se realizará una posterior&#xd;
producción que cuenta con mayores recursos.</subfield>
   </datafield>
   <datafield tag="653" ind2=" " ind1=" ">
      <subfield code="a">Àrees temàtiques de la UPC::So, imatge i multimèdia::Creació multimèdia::Producció audiovisual</subfield>
   </datafield>
   <datafield tag="653" ind2=" " ind1=" ">
      <subfield code="a">Bereavement</subfield>
   </datafield>
   <datafield tag="653" ind2=" " ind1=" ">
      <subfield code="a">Film trailers</subfield>
   </datafield>
   <datafield tag="653" ind2=" " ind1=" ">
      <subfield code="a">Animation (Cinematography)</subfield>
   </datafield>
   <datafield tag="653" ind2=" " ind1=" ">
      <subfield code="a">Three-dimensional imaging</subfield>
   </datafield>
   <datafield tag="653" ind2=" " ind1=" ">
      <subfield code="a">Duelo</subfield>
   </datafield>
   <datafield tag="653" ind2=" " ind1=" ">
      <subfield code="a">Superación</subfield>
   </datafield>
   <datafield tag="653" ind2=" " ind1=" ">
      <subfield code="a">Pérdida</subfield>
   </datafield>
   <datafield tag="653" ind2=" " ind1=" ">
      <subfield code="a">Estilizado</subfield>
   </datafield>
   <datafield tag="653" ind2=" " ind1=" ">
      <subfield code="a">Tráiler</subfield>
   </datafield>
   <datafield tag="653" ind2=" " ind1=" ">
      <subfield code="a">Animación 3D</subfield>
   </datafield>
   <datafield tag="653" ind2=" " ind1=" ">
      <subfield code="a">Dol</subfield>
   </datafield>
   <datafield tag="653" ind2=" " ind1=" ">
      <subfield code="a">Tràilers</subfield>
   </datafield>
   <datafield tag="653" ind2=" " ind1=" ">
      <subfield code="a">Animació (Cinematografia)</subfield>
   </datafield>
   <datafield tag="653" ind2=" " ind1=" ">
      <subfield code="a">Imatgeria tridimensional</subfield>
   </datafield>
   <datafield ind2="0" ind1="0" tag="245">
      <subfield code="a">Retrieval</subfield>
   </datafield>
</record></metadata></record></GetRecord></OAI-PMH>